000 00340cam a2200133ua 4500
003 OSt
008 201014b ||||| |||| 00| 0 eng d
100 _aRaman Nair, Vettoor
_94339
245 _aPuri muthal Nasik vare /
260 _aKottayam :
_bNational Book Stall ,
_c1967.
300 _a247 ; .
650 _aTravelogue
_94788
942 _cBK
999 _c528
_d528